Hacienda Pública y elección social (Record no. 121996)

000 -CABECERA
campo de control de longitud fija 01535nab#a2200217#c#4500
003 - IDENTIFICADOR DEL NÚMERO DE CONTROL
campo de control IEF
005 - FECHA Y HORA DE LA ÚLTIMA TRANSACCIÓN
campo de control 20191205174321.0
008 - CÓDIGOS DE INFORMACIÓN DE LONGITUD FIJA
campo de control de longitud fija 950704s1976 uuu|| #####0 b| |u
040 ## - FUENTE DE LA CATALOGACIÓN
Centro catalogador de origen IEF
Centro transcriptor ES-MaIEF
100 1# - PUNTO DE ACCESO PRINCIPAL - NOMBRE DE PERSONA
Nombre de persona Buchanan, James M.
9 (RLIN) 7783
245 ## - MENCIÓN DE TÍTULO
Título Hacienda Pública y elección social
Mención de responsabilidad etc. James M. Buchanan
260 ## - PUBLICACIÓN, DISTRIBUCIÓN, ETC. (PIE DE IMPRENTA)
Fecha de publicación distribución etc. 1976
500 ## - NOTA GENERAL
Nota general Resumen;bibliografía
520 ## - SUMARIO, ETC.
Sumario etc. La Hacienda Pública ha sufrido importantes transformaciones desde la segunda guerra mundial. El presente artículo examina esta transformación, contemplada desde la perspectiva de elección pública. La Hacienda Pública post-marshalliana tenía dos grandes lagunas: la falta de una teoría del gasto público y su falta de atención al proceso de elaboración mediante el cual se adoptaban las decisiones públicas. Ambas lagunas se han llenado parcialmente por el nuevo enfoque de la Hacienda Pública, si bien gran parte de la discusión popular de los temas financieros continúa teniendo lugar en el marco de la vieja concepción, hoy pasada de moda. El artículo siguiente ofrece una descripción de los rasgos fundamentales de la nueva concepción de los problemas fiscales y finaliza utilizando los problemas de la financiación de la Seguridad Social como ilustración de las diferencias entre el viejo enfoque y la nueva teoría de la Hacienda Pública.
650 #4 - PUNTO DE ACCESO ADICIONAL DE MATERIA--TÉRMINO DE MATERIA
Término de materia o nombre geográfico como elemento inicial HACIENDA PUBLICA
9 (RLIN) 50201
650 #4 - PUNTO DE ACCESO ADICIONAL DE MATERIA--TÉRMINO DE MATERIA
Término de materia o nombre geográfico como elemento inicial TEORIAS
9 (RLIN) 48553
773 0# - ENLACE AL DOCUMENTO FUENTE
Título Hacienda pública española
Número de control del registro relacionado 34570
Parte(s) relacionada(s) 40, p. 9-23
942 ## - ELEMENTOS DE PUNTO DE ACCESO ADICIONAL (KOHA)
Fuente del sistema de clasificación o colocación
942 ## - ELEMENTOS DE PUNTO DE ACCESO ADICIONAL (KOHA)
Fuente del sistema de clasificación o colocación
Holdings
Estado de retiro Estado de pérdida Estado dañado No para préstamo Localización permanente Fecha de adquisición Signatura topográfica completa Código de barras Fecha visto por última vez Precio válido a partir de Tipo de ítem Koha
      Disponible para préstamo IEF 1995-07-04 HPE/1976/40-2 HPE/1976/40-2 2018-02-19 2018-02-19 Artículos

Powered by Koha